| 000 | 00453nam a2200181Ia 4500 | ||
|---|---|---|---|
| 001 | 20408 | ||
| 005 | 20260306172804.0 | ||
| 008 | 260306t1999||||xx |||||||||||||| ||spa|| | ||
| 041 | _aESP | ||
| 082 |
_a343.2C13 _bR91E T. 1 |
||
| 100 |
_aRubio Correa, Marcial _eAUT |
||
| 245 | 0 | _aEstudio de la constitución política de 1993 | |
| 260 | _c1999 | ||
| 300 |
_a554 páginas : _c21 cm. |
||
| 650 | _aGEN | ||
| 654 | _aCDE | ||
| 942 |
_cLIB _dJUS _fJUS _2ddc _n |
||
| 999 |
_c20408 _d20408 |
||